000 00788nam a2200229Ia 4500
001 234
003 GE_BSU
008 181216s||||||||xx |||||||||||||| ||und||
020 _a9789941127612
040 _cGE_BSU
080 _a005.37+005.53+005.511
100 _aბაკაშვილი,ნიკოლოზ; მესხიშვილი, დარეჯან; ქადაგიშვილი, ლეილა
245 _aორგანიზაციის თეორია
245 _bლექციების კურსი
260 _aთბილისი
260 _bუნივერსალი
260 _c2009
300 _a393 გვ.
541 _h25 ლ.
653 _aორგანიზაციის თეორია
942 _cBK
999 _c34485
_d34485